Satisfaction guarantees (Record no. 65065)

MARC details
000 -LEADER
fixed length control field 00991cam a2200217 4500
001 - CONTROL NUMBER
control field ABS63031
008 - FIXED-LENGTH DATA ELEMENTS--GENERAL INFORMATION
fixed length control field 000000n2000 000 0 eng u
035 ## - SYSTEM CONTROL NUMBER
System control number (Sirsi) u108957
100 ## - MAIN ENTRY--PERSONAL NAME
Personal name Stebbings, S.
245 ## - TITLE STATEMENT
Title Satisfaction guarantees
260 ## - PUBLICATION, DISTRIBUTION, ETC.
Date of publication, distribution, etc. 2000
490 ## - SERIES STATEMENT
Series statement Building
Volume/sequential designation 265 (8157) 13 October 2000, 84-85(2)
520 ## - SUMMARY, ETC.
Summary, etc. A new improved brand of performance bond is now available in the UK for significantly larger sums than was previously the case. Performance bonds for 50%, 80% or even 100% of the contract price are now available from a select group of insurers, and are cheaper than letters of credit. Due to the size of the cover insurers take a much greater interest than before, and are protected by step-in provisions. Also considers the uses of performance bonds.
590 ## - LOCAL NOTE (RLIN)
Local note ABS
650 ## - SUBJECT ADDED ENTRY--TOPICAL TERM
Topical term or geographic name entry element PERFORMANCE BONDS
650 ## - SUBJECT ADDED ENTRY--TOPICAL TERM
Topical term or geographic name entry element PROJECT FINANCING
650 ## - SUBJECT ADDED ENTRY--TOPICAL TERM
Topical term or geographic name entry element CONSTRUCTION PROJECTS
650 ## - SUBJECT ADDED ENTRY--TOPICAL TERM
Topical term or geographic name entry element PFI PROJECTS
690 ## - LOCAL SUBJECT ADDED ENTRY--TOPICAL TERM (OCLC, RLIN)
Topical term or geographic name as entry element Insurance
9 (RLIN) 6249
942 ## - ADDED ENTRY ELEMENTS (KOHA)
Suppress in OPAC 0
Holdings
Withdrawn status Lost status Source of classification or shelving scheme Damaged status Not for loan Home library Current library Shelving location Date acquired Total Checkouts Full call number Barcode Date last seen Copy number Price effective from Koha item type
    Dewey Decimal Classification     London London Journal article 25/10/2000   ABS63031 108957-1001 06/08/2019 1 06/08/2019 Journal article